<?xml version="1.0" encoding="UTF-8"?>
<marc:record xmlns:marc="http://www.loc.gov/MARC21/slim">
   <marc:leader>00000nam a2200000 a 4500</marc:leader>
   <marc:datafield ind1="1" ind2=" " tag="100">
      <marc:subfield code="a">Fitzek, Sebastian</marc:subfield>
      <marc:subfield code="4">aut</marc:subfield>
      <marc:subfield code="e">Verfasser/-in</marc:subfield>
   </marc:datafield>
   <marc:datafield ind1=" " ind2=" " tag="653">
      <marc:subfield code="a">Entführung</marc:subfield>
   </marc:datafield>
   <marc:datafield ind1=" " ind2=" " tag="653">
      <marc:subfield code="a">Psychiatrie</marc:subfield>
   </marc:datafield>
   <marc:datafield ind1=" " ind2=" " tag="653">
      <marc:subfield code="a">Literaturagent</marc:subfield>
   </marc:datafield>
   <marc:datafield ind1="0" ind2="0" tag="245">
      <marc:subfield code="a">Schreib oder stirb</marc:subfield>
   </marc:datafield>
   <marc:datafield ind1=" " ind2="1" tag="264">
      <marc:subfield code="b">Knaur</marc:subfield>
      <marc:subfield code="c">2022</marc:subfield>
   </marc:datafield>
   <marc:datafield ind1="1" ind2=" " tag="520">
      <marc:subfield code="a">Carl Vorlau, mysteriöser Patient einer psychiatrischen Klinik, behauptet, die siebenjährige Pia entführt und an einen geheimen Ort verschleppt zu haben. Über seine Tat will der Patient nur mit einem einzigen Menschen reden: dem Literaturagenten David Dolla, dem Vorlau ein diabolisches Angebot macht: Dolla soll ihm einen Verlagsvorschuss von einer Million Euro verschaffen, für einen Thriller über das Schicksal der kleinen Pia! Gelingt das, so wird Dolla zu einem Helden, der das Mädchen vor dem sicheren Tod rettet. Sollte Dolla den Auftrag jedoch ablehnen, will Vorlau nicht nur Pia sterben lassen, sondern auch das Leben des Agenten zerstören (Verlagstext).</marc:subfield>
   </marc:datafield>
   <marc:datafield ind1=" " ind2=" " tag="020">
      <marc:subfield code="a">9783426282731</marc:subfield>
      <marc:subfield code="9">9783426282731</marc:subfield>
   </marc:datafield>
</marc:record>
